000
00221 a2200097 4500
001
34577
100
_a
Mehrotra, Asha
245
_a
GSM System Engineering
260
_a
London
_b
Artech House
_c
1996
090
_c
22860
_d
22860
942
_a
NUST-CAE
_c
M
_c
14292
999
_c
269650
_d
269650